[Event "RA-2019-0-00611"]
[Site "LSS email"]
[Date "2019.01.05"]
[Round "?"]
[White "Sanchez, Ruben"]
[Black "Kolanek, Sylwia"]
[Result "1-0"]
[WhiteElo "1969"]
[BlackElo "2155"]
[PlyCount "63"]
[EventDate "2018.11.27"]
[EventType "tourn (corr)"]
[EventRounds "6"]
[EventCountry "GER"]
[SourceTitle "Corr 2022"]
[Source "ChessBase"]
[SourceDate "2021.10.24"]
[SourceVersion "1"]
[SourceVersionDate "2021.10.24"]
[SourceQuality "1"]

1. d4 Nf6 2. c4 e6 3. Nf3 d5 4. Nc3 Bb4 5. Bg5 Nbd7 6. cxd5 exd5 7. e3 h6 8. Bh4 g5 9. Bg3 Ne4 10. Nd2 Nxg3 11. hxg3 c6 12. a3 Be7 13. Bd3 Qc7 14. Qc2 h5 15. Nxd5 Qd6 16. Nxe7 Qxe7 17. 0-0-0 Nb6 18. Rh2 Be6 19. Rdh1 0-0-0 20. Rxh5 Rxh5 21. Rxh5 Kb8 22. Bf5 Bd5 23. e4 Be6 24. Bxe6 Qxe6 25. Qc5 g4 26. Qe5+ Qxe5 27. dxe5 Na4 28. Nc4 Nc5 29. Nd6 f6 30. exf6 Rxd6 31. Rxc5 Kc7 32. e5 1-0

[Event "RA-2014-0-00322"]
[Site "LSS email"]
[Date "2014.04.28"]
[Round "?"]
[White "Sanchez, Ruben"]
[Black "Cimicki, Dariusz"]
[Result "0-1"]
[WhiteElo "1972"]
[BlackElo "2239"]
[PlyCount "112"]
[EventDate "2014.04.12"]
[EventType "tourn (corr)"]
[EventRounds "6"]
[EventCountry "GER"]
[SourceTitle "Corr 2022"]
[Source "ChessBase"]
[SourceDate "2021.10.24"]
[SourceVersion "1"]
[SourceVersionDate "2021.10.24"]
[SourceQuality "1"]

1. d4 d5 2. Nf3 Nf6 3. Bf4 c5 4. e3 Nc6 5. Be2 Bg4 6. Nbd2 e6 7. 0-0 cxd4 8. Nxd4 Bxe2 9. Qxe2 Rc8 10. Nxc6 Rxc6 11. c4 Bd6 12. Bxd6 Qxd6 13. e4 Qe5 14. cxd5 exd5 15. Nf3 Qxe4 16. Qb5 0-0 17. Qxb7 Rb6 18. Qxa7 Rxb2 19. a4 Rbb8 20. Rfe1 Qf5 21. a5 Ra8 22. Qb6 Rfb8 23. Qc7 Rc8 24. Qe7 Qc2 25. Qe3 Re8 26. Rec1 Qf5 27. Nd4 Qg4 28. Qd3 h6 29. a6 Qg5 30. Rcb1 Ne4 31. a7 Qf6 32. f3 Nc5 33. Qd2 Qe7 34. Ra5 Ne6 35. Nc6 Qc7 36. Qxd5 Nd8 37. Nxd8 Rexd8 38. Qa2 Rd7 39. Ra1 Qb6+ 40. Kf1 Rb7 41. h3 Qd4 42. Ra4 Qc5 43. Qf2 Qc3 44. Kg1 Qc7 45. f4 Qe7 46. Qd4 f6 47. Kf2 Kh8 48. Kg3 Rd7 49. Qb6 Rb7 50. Qf2 Rb3+ 51. Kh2 Rb7 52. Ra6 Rc7 53. g4 Rb7 54. R1a3 Rc7 55. h4 Qd7 56. g5 fxg5 0-1

[Event "IECG WC.2013.P.00003 email"]
[Site "IECG email"]
[Date "2009.02.18"]
[Round "?"]
[White "Sanchez, Ruben"]
[Black "Abbey, William"]
[Result "0-1"]
[WhiteElo "2098"]
[BlackElo "1637"]
[PlyCount "24"]
[EventDate "2009.02.18"]
[EventType "tourn (corr)"]
[EventRounds "10"]
[SourceTitle "Corr 2024"]
[Source "ChessBase"]
[SourceDate "2023.10.19"]
[SourceVersion "1"]
[SourceVersionDate "2023.10.19"]
[SourceQuality "1"]

1. d4 Nf6 2. c4 e6 3. Nc3 d5 4. Nf3 c6 5. e3 Nbd7 6. Qc2 Bd6 7. Bd3 dxc4 8. Bxc4 0-0 9. 0-0 Qc7 10. h3 e5 11. Bb3 b6 12. Bd2 Bb7 0-1

[Event "LSS SH-2007-0-00082"]
[Site "LSS email"]
[Date "2007.01.18"]
[Round "?"]
[White "Sanchez, Ruben"]
[Black "Avellan, Gerardo"]
[Result "0-1"]
[WhiteElo "1972"]
[BlackElo "1916"]
[PlyCount "28"]
[EventDate "2007.01.10"]
[EventType "tourn (corr)"]
[EventRounds "6"]
[EventCountry "GER"]
[SourceTitle "Corr 2015"]
[Source "ChessBase"]
[SourceDate "2015.07.17"]
[SourceVersion "1"]
[SourceVersionDate "2015.07.17"]
[SourceQuality "1"]

1. d4 Nf6 2. c4 e6 3. Nf3 Bb4+ 4. Nbd2 a5 5. e3 d6 6. Bd3 e5 7. a3 Bxd2+ 8. Nxd2 0-0 9. 0-0 Re8 10. dxe5 dxe5 11. Bc2 Qd6 12. b3 e4 13. f3 exf3 14. Nxf3 Qxd1 0-1

[Event "IECG TE.2006.P.02314 email"]
[Site "IECG email"]
[Date "2006.12.20"]
[Round "?"]
[White "Orsolic, Marijan"]
[Black "Sanchez, Ruben"]
[Result "1-0"]
[WhiteElo "2155"]
[BlackElo "1780"]
[PlyCount "37"]
[EventDate "2006.12.20"]
[EventType "tourn (corr)"]
[EventRounds "12"]
[SourceTitle "Corr 2024"]
[Source "ChessBase"]
[SourceDate "2023.10.19"]
[SourceVersion "1"]
[SourceVersionDate "2023.10.19"]
[SourceQuality "1"]

1. e4 c5 2. c3 d5 3. exd5 Qxd5 4. d4 g6 5. Nf3 Bg7 6. Na3 cxd4 7. Nb5 Na6 8. Be3 Nf6 9. Bxd4 Bd7 10. a4 0-0 11. Be2 Qf5 12. 0-0 Nc5 13. Nh4 Qg5 14. f4 Qxh4 15. Bxc5 a6 16. Bxe7 axb5 17. Qxd7 Nxd7 18. Bxh4 bxa4 19. Bf2 1-0